000 005560000a22001810004500
003 MACL
005 20160228121647.0
008 160228b xxu||||| |||| 00| 0 eng d
040 _aMACL
_cMACL
041 _aHindi
082 _a800
100 _aमीतल दारिकाप्रसाद
_941177
245 _aहिन्‍दी साहित्‍य में राधा
260 _bजवाहर पुस्‍तकालय
_c1970
_aमथुरा
350 _a25
650 _aLiterature
_941178
942 _cHIN
_k800
_2ddc
999 _c26368
_d26368